000 00876naa a2200265 c 4500
001 39575
003 ES-MaCES
005 20091201111900.0
008 091201n2009 sz a 000 | spa d
035 _aCES20090010180v
040 _aES-MaCES
_bspa
_cES-MaCES
245 0 0 _aDiálogo social en tiempos de crisis
_b: lecciones del pasado
650 4 _acomparabilidad internacional
_930622
650 4 _aevaluación del impacto
_930732
650 4 _adesigualdad social
_930789
650 4 _adéficit
_928134
650 4 _ainflación
_928097
650 4 _aindicador económico
_927073
650 4 _acrisis económica
_927102
653 1 0 _aCondiciones económicas
773 0 _tTrabajo
_gn. 66 (ag. 2009){10212 R. 075476}; p. 22-23
_w(ES-MaCES)25228
_944126
902 _aART Artículo de revista
942 _2CES
_cAR
_h0.0.
999 _c39575
_d39575